Dónde Jugó (Villarreal) - Estadísticas

Estadísticas generales
  • Esta prueba ha sido intentada 31 veces
  • La puntuación promedio es 18 de 26
Estadísticas de respuestas
Jugador Equipo en el que haya jugado % Correcto
Thomas Partey Atlético de Madrid, Mallorca, Almería, Arsenal
97%
Dani Parejo Real Madrid, QPR, Getafe, Valencia
97%
Ayoze Pérez Tenerife, Newcastle, Leicester City, Betis
97%
Arnau Tenas Barcelona, PSG
93%
Alberto Moleiro Las Palmas
93%
Gerard Moreno Mallorca, Espanyol
93%
Nicolás Pépé Angers, Lille, Arsenal, Niza, Trabzonspor
90%
Rafa Marín Real Madrid, Alavés, Nápoles
87%
Renato Veiga Sporting CP, Augsburgo, Basilea, Chelsea, Juventus
87%
Georges Mikautadze Seraing, Metz, Ajax, Olympique de Lyon
80%
Ilias Akhomach Barcelona
77%
Santi Comesaña Coruxo, Rayo Vallecano
77%
Santiago Mouriño Racing Club, Atlético de Madrid, Zaragoza, Alavés
73%
Diego Conde Atlético de Madrid, Navalcarnero, Leganés, Getafe
70%
Sergi Cardona Las Palmas
70%
Tajon Buchanan New England, Brujas, Inter de Milán
70%
Pau Navarro Villarreal
70%
Juan Foyth Estudiantes La Plata, Tottenham
60%
Pape Gueye Le Havre, Olympique de Marsella, Sevilla
57%
Alfonso Pedraza Lugo, Leeds United, Alavés, Betis
57%
Willy Kambwala Sochaux, Manchester United
53%
Pau Cabanes Alavés
37%
Thiago Fernández Vélez Sarsfield
33%
Luiz Júnior Mirassol, Famalicao
27%
Logan Costa Stade Reims, Le Mans, Toulouse
27%
Tani Oluwaseyi Minnesota United, San Antonio FC
13%
No se encontraron pruebas coincidentes
Distribución de puntuación
Porcentaje de gente con cada puntuación
Porcentaje por número respondido
Historial de tus puntuaciones
No has intentado esta prueba.